Tribhuvan University Central Library

Kirtipurko Bagh Bhairab nritya: ek adhyayan (Record no. 38962)

MARC details
000 -LEADER
fixed length control field 005630000a22002290004500
082 ## - DEWEY DECIMAL CLASSIFICATION NUMBER
Classification number N792.8
Item number Pr465k
-- D
041 ## - LANGUAGE CODE
Language code of text/sound track or separate title Nep
100 ## - MAIN ENTRY--PERSONAL NAME
Personal name Pradhan, Prayagman
245 ## - TITLE STATEMENT
Title Kirtipurko Bagh Bhairab nritya: ek adhyayan
260 ## - PUBLICATION, DISTRIBUTION, ETC. (IMPRINT)
Place of publication, distribution, etc Kathmandu, Nepal
260 ## - PUBLICATION, DISTRIBUTION, ETC. (IMPRINT)
Date of publication, distribution, etc 2061 B.S.
300 ## - PHYSICAL DESCRIPTION
Extent 118p.
518 ## - DATE/TIME AND PLACE OF AN EVENT NOTE
Date/time and place of an event note 20061224
530 ## - ADDITIONAL PHYSICAL FORM AVAILABLE NOTE
Additional physical form available note Dis
502 ## - DISSERTATION NOTE
Dissertation note Dissertation
-- Degree in Culture, Tribhuvan University
500 ## - GENERAL NOTE
General note Bibliography: p.75-78
650 ## - SUBJECT ADDED ENTRY--TOPICAL TERM
Topical term or geographic name as entry element Dance
650 ## - SUBJECT ADDED ENTRY--TOPICAL TERM
Topical term or geographic name as entry element Gods & goddesses
650 ## - SUBJECT ADDED ENTRY--TOPICAL TERM
Topical term or geographic name as entry element Festivals
650 ## - SUBJECT ADDED ENTRY--TOPICAL TERM
Topical term or geographic name as entry element Culture
942 ## - ADDED ENTRY ELEMENTS (KOHA)
Koha item type General Collections
Holdings
Withdrawn status Lost status Damaged status Not for loan Home library Current library Date acquired Total Checkouts Barcode Date last seen Price effective from
        Tribhuvan University Central Library Tribhuvan University Central Library 06/20/2010   D11801 06/20/2010 06/20/2010